Представление документа в формате RUSMARC

ПолеНазваниеЗначение
  Тип записи a
  Библиографический уровень m
001 Контрольный номер RU/ГПНТБ России/IBIS/84(2=411.2)/П 815-306262949
005 Дата корректировки 20260615163308.4
010 Индекс ISBN __
a ISBN 978-5-4484-5970-2
b Уточнения в пер.
9 Тираж 800
100 Данные общей обработки __
a Данные общей обработки 20260615d2026 m y0rusy0250 ca
101 Язык документа 0_
a Язык текста rus
102 Страна публикации __
a Страна публикации RU
105 Кодированные данные (монография) __
a Кодированные данные (монография) y zz 000zy
181 Поле кодированных данных: вид содержания _0
a Код вида содержания (ISBD) i4
b Код характеристики содержания (ISBD) e
182 Поле кодированных данных: тип средства _0
a Код типа средства (ISBD) n
200 Заглавие и сведения об ответственности 1_
a Заглавие Ангелы Суджи. Операция "Поток"
e Сведения, относящиеся к заглавию роман
f Первые сведения об ответственности Владимир Пронский
203 Вид содержания и тип средства __
c Тип средства непосредственный
a Вид содержания Текст
b Характеристика содержания визуальный
210 Выходные данные 1_
a Место издания Москва
c Издательство Вече
d Дата издания 2026
215 Физическое описание __
a Объем 334, [1] с.
d Формат 21 см
225 Серия 2_
a Серия Zа ленточкой
333 Примечание о целевом назначении __
a Примечание о целевом назначении информационная продукция для детей, достигших возраста шестнадцати лет
333 Примечание о целевом назначении __
a Примечание о целевом назначении для взрослых, общего характера
517 Другие варианты заглавия 1_
a Другие варианты заглавия За ленточкой
517 Другие варианты заглавия 1_
a Другие варианты заглавия Операция "Поток"
610 Ключевые слова 1_
a Ключевые слова ПРОЗА
610 Ключевые слова 1_
a Ключевые слова РУССКАЯ ЛИТЕРАТУРА
686 Индексы других классификаций __
2 Код системы rubbk
a Классификационный индекс 84(2=411.2)6-44
v Номер издания LBC/M
700 Автор _1
a Фамилия Пронский
b Имя В. Д.
g Полное личное имя Владимир Дмитриевич
4 Код отношения 070
801 Источник записи _0
b Организация ГПНТБ России
a Страна RU
c Дата составления 20260615
801 Источник записи _1
b Организация ГПНТБ России
a Страна RU
c Дата составления 20260615
852 Данные о местонахождении 5_
a Наименование организации ГПНТБ России
m Суффикс шифра хранения 106159
b Сигла хранения ЦГБ
j Шифр хранения 84(2=411.2)
p Инвентарный номер RU
899 Данные о местонахождении __
a Местонахождение ГПНТБ России
p Штрих-код 106159
b Место хранения ЦГБ
h Классификационная часть РШ 84(2=411.2)6-44
i Авторский знак П 815
901 Тип документа __
a Ответственный заим.